000
00360nam a2200169Ia 4500
003
0STCL
008
150530s9999 xx 000 0 und d
040
_a
STCL
_c
STCL
100
_a
Tagore
245
_a
Creative unity
250
_a
First
260
_b
Macmillan
_c
1926
546
_a
English
942
_2
ddc
_c
BK
999
_c
44342
_d
44342
005
20220125170630.0